LEADER 00838naa a2200157 i 4500 001 000000306096 003 CaOOAMICUS 005 20251217102657.0 008 180831n xx u000 u und u 013 $a14455 040 $aSeMil$bita 100 1 $aGelineau, Joseph,$c.$0(OLS)http://semarc/name/30171 245 13$aLa prière eucharistique comme action de l'assemblée :$bvint-cinq ans de recherches et d'expériences sur la célébration de la prière eucharistique ... 773 0 $aGitton, Michel$tIniziazione alla liturgia romana.$dMagnano : Qiqajon, 2008.$kLiturgia e vita$z978-88-8227-260-9$w()173931 996 $6245$aLa prière eucharistique comme action de l'assemblée :$bvint-cinq ans de recherches et d'expériences sur la célébration de la prière eucharistique ...$9(OLS)http://semarc/title/372217 LEADER 00992nam a2200253 i 4500 001 000000042639 003 CaOOAMICUS 005 20100611000000.0 008 100611s1995 it u000 u ita u 013 $a13809 040 $aSeMil$bita 100 1 $aPetrini, Massimo.$0(OLS)http://semarc/name/17061 245 13$aIl malato, la malattia :$bsussidio bibliografico /$cMassimo Petrini. 260 $aRoma :$bCamillianum,$c1995. 300 $a140 p. ;$c25 cm. 490 0 $aSussidi ;$v5 650 4$aMalati - Pastorale.$0(OLS)http://semarc/subject/5581 650 4$aPastorale sanitaria.$0(OLS)http://semarc/subject/4491 830 0$aSussidi ;$v5.$0(OLS)http://semarc/title/439276 850 $aSeMil 852 $aSeMil$W1$xVenegono$y1$m2F V 125$j8794$B8794$CSeMilBibl$Z2$F8794 $81 961 $aOmaggio: Donazione 996 $6245$aIl malato, la malattia :$bsussidio bibliografico$9(OLS)http://semarc/title/62260 996 $6260$aRoma :$bCamillianum$9(OLS)http://semarc/publisher/30541